000 01772nam0a2200337 i 4500
001 RU\NLR\bibl\2015411
005 20240921185415.0
010 _a9785922702829
_9300
021 _aRU
_b2013-16513
_91170
035 _a(NLR Aleph) 002003818
090 _a4396915
_c4396915
100 _a20130325d2011 u y0rusy50 ca
101 0 _arus
102 _aRU
105 _ay |||||||||
200 1 _aМетодология научного творчества
_eучебное пособие
_fВ.Г. Назаркин, В.Е. Сергеенков, Н.И. Веревкин, Н.А. Давыдов
_gМ-во образования и науки Рос. Федерации, С.-Петерб. гос. архитект.-строит. ун-т
210 _aСанкт-Петербург
_cСанкт-Петербургский государственный архитектурно-строительный университет
_d2011
215 _a28, [4] c.
_d21
320 _aБиблиогр. в конце кн. (9 назв.)
606 1 _aМагистерские диссертации
_jУчебные издания для высших учебных заведений
_xМетодика написания
_92571138
_3RU\NLR\auth\661520426
686 _aЧ481.254.5я73
686 _aЧ481.268я73
701 1 _aНазаркин
_bВ. Г.
_gВиктор Гаврилович
_4070
701 1 _aСергеенков
_bВ. Е.
_gВладимир Евгеньевич
_4070
701 1 _aВеревкин
_bН. И.
_gНиколай Иванович
_4070
701 1 _aДавыдов
_bН. А.
_gНиколай Артемьевич
_4070
801 0 _aRU
_bNLR
_c20130325
_gRCR
801 1 _aRU
_bNLR
_c20130325
942 _cBOOK
980 _aNBR